000 00631nam a2200229 a 4500
001 BRCA_6321
005 20190320205418.0
008 080811s1906----gw-#######---#000-0#ger-#
041 _ager
044 _agw
050 4 _aQA101
_b.L84 1906
100 1 _aLübsen, H. B.
_d1801-1864.
_q(Heinrich Borchert)
_915857
245 1 0 _aAusfuehrliches Lehrbuch der Arithmetik und Algebra
_cH. B. Lübsen.
250 _a26
260 _aLeipzig, Alemania
_bFriedrich Brandstetter
_c1906
300 _aiv, 261 p.
_c21 cm.
500 _aK182
650 1 4 _aAritmética
_915858
650 1 4 _aAlgebra
_915859
902 _aGFM
942 _2lcc
_cB
999 _c6007
_d6007